000
00248nam a2200097Ia 4500
001
1253528
005
20251031150955.0
008
251031s9999 xx 000 0 und d
245
0
_c
YUSUF ASAL
_a
Y-6 MUHTOMUTAN FATİHEŞEM
260
_b
ERDEM YAYINLARI
999
_c
1253528
_d
1253528